000
00325 a2200157 4500
001
173779
020
_a
040
_c
Magnum
100
_a
Góes, Lúcia Pimentel
240
1
0
_a
A maior boca do mundo
_l
por
245
1
0
_a
A maior boca do mundo
362
0
_a
1899
440
1
_a
Ática
697
_a
IJ/GERAL
942
_c
BK
999
_c
173779
_d
173779